Legal Drafting: Drafting, Pleadings and Conveyancing (Record no. 1057270)

MARC details
000 -LEADER
fixed length control field 00368nam a2200133Ia 4500
008 - FIXED-LENGTH DATA ELEMENTS--GENERAL INFORMATION
fixed length control field 231229s2021 xx 000 0 und d
041 ## - LANGUAGE CODE
Language code of text/sound track or separate title eng
082 ## - DEWEY DECIMAL CLASSIFICATION NUMBER
Classification number 808.06634
Item number RET
100 ## - MAIN ENTRY--PERSONAL NAME
Personal name RETAWADE (Rajaram S.)
245 ## - TITLE STATEMENT
Title Legal Drafting: Drafting, Pleadings and Conveyancing
250 ## - EDITION STATEMENT
Edition statement 18th Rep.
260 ## - PUBLICATION, DISTRIBUTION, ETC.
Place of publication, distribution, etc. Pune
Name of publisher, distributor, etc. Hind Law House Pune
Date of publication, distribution, etc. 2021
300 ## - PHYSICAL DESCRIPTION
Extent iv, 750
Holdings
Withdrawn status Lost status Damaged status Not for loan Home library Current library Date acquired Cost, normal purchase price Total Checkouts Full call number Barcode Date last seen Price effective from Koha item type
        Institute of Management & Research, New Delhi Institute of Management & Research, New Delhi 15/12/2021 864.00   808.06634 RET IMD-26EB0005050 11/01/2024 11/01/2024 Law Book Bank